000 01068nam a2200289 i 4500
003 DO-SdBNP
005 20240305073656.0
007 ta
008 110413s1991 dr ac 000 0 spa d
040 _aDO-SdBNP
_bspa
_cBNPHU
_erda
082 _axxxx
_bM941q
_222
100 1 _aMuamba Tujibikile, Pedro
_912719
245 1 0 _a500 años:
_bhacia un autodesencubrimiento de la identidad caribeña /
_cPedro Muamba Tujibikile ; edición Luis Rojas
246 1 _aQuinientos años:
_bhacia un autodesencubrimiento de la identidad caribeña /
264 1 _aSanto Domingo :
_bLibreria Caribe CEDEE,
_c1991.
300 _a89 páginas
_bilustraciones, fotografías
_c19 cm.
336 _2rdacontent
_atexto
_btxt
337 _2rdamedia
_asin mediación
_bn
338 _2rdacarrier
_avolumen
_bnc
590 _aInventariado, 2023/ YL
650 4 _aReflexión
_xFilosofía
_983873
650 4 _aPsicología del aprendizaje
_92721
650 4 _aValores
_xFilosofía
_983874
700 1 _aSilié, Rubén,
_d1946-
_eEdición
_91421
910 _aYLockward
942 _2ddc
_cLBS1
999 _c54400
_d54400